| 000 | 00726nam a2200193 4500 | ||
|---|---|---|---|
| 008 | 201207b ||||| |||| 00| 0 eng d | ||
| 040 |
_bger _cDE-2950 _erda _aDE-2950 |
||
| 041 | _ager | ||
| 245 |
_aAntisemitismus in Bild und Text. Die Karikaturenserie Politische Bilderbogen 1892 - 1901 / _cThomas Gräfe |
||
| 264 | _c2023 | ||
| 490 |
_aDie Mark Brandenburg _vSonderheft 2023: Bilderwelt Weltbilder - nicht nur in Brandenburg |
||
| 653 | _aBrandenburg <Land> | ||
| 653 | _aBilderbogen | ||
| 773 |
_dBerlin: Die Mark Brandenburg - Verlag für Regional- und Zeitgeschichte _g(2023) Sonderheft, S. 22-25: Abb. _tDie Mark Brandenburg |
||
| 942 | _cA | ||
| 999 |
_c373104 _d373104 |
||